[Event "Verbandsliga MVP 2013-14"]
[Site "MVP"]
[Date "2014.04.27"]
[Round "9.4"]
[White "Hamann, Dirk"]
[Black "Naujok, Joerg"]
[Result "0-1"]
[WhiteElo "1878"]
[BlackElo "1931"]
[Annotator ",Dirk"]
[PlyCount "73"]
[EventDate "2013.??.??"]
[EventType "team-tourn"]
[EventRounds "9"]
[EventCountry "GER"]
[SourceDate "2013.10.20"]
[WhiteTeam "SF Ostsee Warnemünde"]
[BlackTeam "SV Blau-Weiß Grevesmühlen"]
[WhiteTeamCountry "GER"]
[BlackTeamCountry "GER"]

1. e4 d6 2. Nf3 Nf6 3. Nc3 g6 4. Bc4 Bg7 5. O-O O-O 6. a4 e5 7. d4 Nbd7 8. dxe5
dxe5 9. Bg5 h6 10. Bxf6 Bxf6 11. Nd5 Bg7 12. Qe2 c6 13. Nc3 Qe7 14. Rfd1 {RA}
Nb6 15. Bb3 Be6 16. a5 Nd7 17. Bxe6 Qxe6 18. Qe3 Qe7 19. Qd3 Nc5 20. Qc4 a6 21.
Qb4 Rfe8 22. Qb6 Ne6 23. Na4 Rad8 24. c3 f5 25. Qe3 f4 26. Qe2 g5 27. h3 h5 28.
Nd2 f3 29. Nxf3 Nf4 30. Qc4+ Kh7 31. Nb6 Qf6 32. Ne1 g4 33. hxg4 hxg4 34. Nd7
Qh4 35. Rd2 (35. Qf7 Rf8 $1 36. Nxf8+ Rxf8 $19) 35... g3 36. fxg3 Qxg3 37. Nf6+
0-1

[Event "Verbandsliga MVP 2013-14"]
[Site "MVP"]
[Date "2014.04.27"]
[Round "9.7"]
[White "Gareis, Roberto"]
[Black "Schmidt, Reinhard"]
[Result "0-1"]
[WhiteElo "1869"]
[BlackElo "1793"]
[PlyCount "52"]
[EventDate "2013.??.??"]
[EventType "team-tourn"]
[EventRounds "9"]
[EventCountry "GER"]
[SourceDate "2013.10.20"]
[WhiteTeam "SV Blau-Weiß Grevesmühlen"]
[BlackTeam "SF Ostsee Warnemünde"]
[WhiteTeamCountry "GER"]
[BlackTeamCountry "GER"]

1. d4 f5 2. e3 e6 3. g4 fxg4 4. Qxg4 Nf6 5. Qg2 Nc6 6. c3 b6 7. Bd3 Bb7 8. e4
g6 9. e5 Nxe5 10. Bxg6+ hxg6 11. Qg3 Nf7 12. f3 Rg8 13. Nh3 Nh5 14. Qf2 Bh6 15.
Bxh6 Nxh6 16. Rg1 Nf5 17. Ng5 Qe7 18. Nd2 O-O-O 19. O-O-O Nf4 20. Nde4 Ba6 21.
Kc2 d5 22. Nd2 Bd3+ 23. Kb3 Qd7 24. a3 Qb5+ 25. Ka2 Bc2 26. Nb1 Qb3+ 0-1

[Event "Verbandsliga MVP 2013-14"]
[Site "MVP"]
[Date "2014.04.27"]
[Round "9.8"]
[White "Feindura, Rene"]
[Black "Haase, Sebastian"]
[Result "0-1"]
[WhiteElo "1881"]
[BlackElo "1700"]
[PlyCount "26"]
[EventDate "2013.??.??"]
[EventType "team-tourn"]
[EventRounds "9"]
[EventCountry "GER"]
[SourceDate "2013.10.20"]
[WhiteTeam "SF Ostsee Warnemünde"]
[BlackTeam "SV Blau-Weiß Grevesmühlen"]
[WhiteTeamCountry "GER"]
[BlackTeamCountry "GER"]

1. e4 c5 2. Nf3 e6 3. d4 cxd4 4. Nxd4 a6 5. Be2 Bc5 6. Nb3 Ba7 7. Nc3 Nc6 8.
O-O b5 9. a3 Qc7 10. Bg5 Nge7 11. Nd5 exd5 12. exd5 Qe5 13. Bxe7 Nxe7 0-1

[Event "Verbandsliga MVP 2013-14"]
[Site "MVP"]
[Date "2014.04.27"]
[Round "9.1"]
[White "Zentgraf, Robert"]
[Black "Hanisch, Sebastian"]
[Result "1-0"]
[WhiteElo "2076"]
[BlackElo "2045"]
[PlyCount "57"]
[EventDate "2013.??.??"]
[EventType "team-tourn"]
[EventRounds "9"]
[EventCountry "GER"]
[SourceDate "2013.10.20"]
[WhiteTeam "SAV Torgelow-Drögeheide 90"]
[BlackTeam "SF Schwerin III"]
[WhiteTeamCountry "GER"]
[BlackTeamCountry "GER"]

1. Nf3 b6 2. e4 Bb7 3. Nc3 e6 4. d4 Bb4 5. Bd3 Ne7 6. a3 Bxc3+ 7. bxc3 c5 8.
O-O Qc7 9. Re1 d6 10. e5 Nd7 11. Bg5 dxe5 12. Nxe5 Nxe5 13. dxe5 O-O-O 14. Qe2
h6 15. Bxe7 Qxe7 16. a4 Kc7 17. a5 Qg5 18. f3 h5 19. Red1 h4 20. axb6+ axb6 21.
Ra7 Kb8 22. Rda1 Qf4 23. Rxb7+ Kxb7 24. Be4+ Kc8 25. Qb5 Rd5 26. Bxd5 exd5 27.
Qc6+ Kd8 28. Ra8+ Ke7 29. Qd6# 1-0

[Event "Verbandsliga MVP 2013-14"]
[Site "MVP"]
[Date "2014.04.27"]
[Round "9.2"]
[White "Wagner, Ralph"]
[Black "Schmekel, Florian"]
[Result "1/2-1/2"]
[WhiteElo "2037"]
[BlackElo "1778"]
[PlyCount "83"]
[EventDate "2013.??.??"]
[EventType "team-tourn"]
[EventRounds "9"]
[EventCountry "GER"]
[SourceDate "2013.10.20"]
[WhiteTeam "SF Schwerin III"]
[BlackTeam "SAV Torgelow-Drögeheide 90"]
[WhiteTeamCountry "GER"]
[BlackTeamCountry "GER"]

1. d4 Nf6 2. c4 e6 3. Nc3 Bb4 4. Bd2 c5 5. e3 d5 6. Nf3 O-O 7. Be2 Nc6 8. O-O
cxd4 9. Nxd4 Nxd4 10. exd4 dxc4 11. Bg5 Bxc3 12. bxc3 Qc7 13. Bxf6 gxf6 14. Qd2
Kg7 15. Rfe1 b6 16. Bf3 Bb7 17. Re3 Rg8 18. Bxb7 Qxb7 19. Rg3+ Kh8 20. Qf4 Qe7
21. Re1 Rg6 22. Rxg6 hxg6 23. d5 g5 24. Qxc4 Rd8 25. Qe4 Qc5 26. dxe6 fxe6 27.
Qxe6 Qxc3 28. Qe7 Rc8 29. g3 Rc7 30. Qf8+ Kh7 31. Re6 Qf3 32. Re1 Qc3 33. Qe8
Kg7 34. h3 Qa3 35. Re2 Qc5 36. Kh2 Qd6 37. Re4 Qc5 38. Re3 Qf5 39. Re2 Qd7 40.
Qe4 Qf7 41. h4 Rc4 42. Qe8 1/2-1/2

[Event "Verbandsliga MVP 2013-14"]
[Site "MVP"]
[Date "2014.04.27"]
[Round "9.3"]
[White "Lehmann, Ruben"]
[Black "Hasselmann, Dieter"]
[Result "0-1"]
[WhiteElo "1875"]
[BlackElo "2030"]
[PlyCount "60"]
[EventDate "2013.??.??"]
[EventType "team-tourn"]
[EventRounds "9"]
[EventCountry "GER"]
[SourceDate "2013.10.20"]
[WhiteTeam "SAV Torgelow-Drögeheide 90"]
[BlackTeam "SF Schwerin III"]
[WhiteTeamCountry "GER"]
[BlackTeamCountry "GER"]

1. d4 Nf6 2. Nf3 e6 3. c4 b6 4. e3 Bb7 5. Bd3 Be7 6. O-O O-O 7. Nbd2 d5 8. b3
Nbd7 9. Bb2 Rc8 10. Rc1 c5 11. cxd5 exd5 12. Ne5 Nxe5 13. dxe5 Ne4 14. f3 Nxd2
15. Qxd2 f5 16. Qc2 Qd7 17. Rfd1 Qe6 18. e4 fxe4 19. fxe4 c4 20. Be2 Bc5+ 21.
Kh1 Rf2 {Diagramm [#]} 22. exd5 ({Fritz 7 (No MMX): 1)} 22. exd5 Be3 23. bxc4
Bxd5 24. cxd5 Bxc1 25. Qe4 Qh6 26. Qg4 Rc2 {[%eval 44,10]}) ({Fritz 7 (No MMX):
2)} 22. Rf1 cxb3 23. axb3 Be3 24. Bc3 Rxf1+ 25. Rxf1 Bd4 26. exd5 Bxd5 {[%eval
-122,10]}) ({Fritz 7 (No MMX): 3)} 22. Rd2 {[%eval -216,10]}) 22... Bxd5 23.
Rxd5 {Diagramm [#]} Be3 $4 ({Fritz 7 (No MMX): 1)} 23... c3 24. Qxc3 Rxe2 25.
Qc4 Re8 26. Rf1 Rc2 27. Qxc2 Qxd5 28. a4 {[%eval 81,12]}) ({Fritz 7 (No MMX):
2)} 23... Rxe2 24. Qxc4 Re8 25. Rf1 Rc2 26. Qxc2 Qxd5 27. b4 Be3 28. Re1 {
[%eval 94,12]}) ({Fritz 7 (No MMX): 3)} 23... Rcf8 24. Rxc5 bxc5 25. Qxc4 Qxc4
26. Bxc4+ Kh8 27. e6 Rxb2 28. e7 {[%eval 331,12]}) 24. Rcd1 b5 25. Qe4 Bb6 26.
Bg4 Qf7 {Diagramm [#]} 27. h3 $4 ({Fritz 7 (No MMX):} 27. Bd4 Rf1+ 28. Bg1 Rf8
29. Rxf1 Qxf1 30. Rd1 Qf7 31. Bxb6 axb6 {[%eval 344,10]}) ({Fritz 7 (No MMX):} 
27. g3 Rf8 28. Ba3 h5 29. Bd7 Rd8 30. Be6 Qxe6 31. Rxd8+ Bxd8 {[%eval 297,9]})
({Fritz 7 (No MMX):} 27. h4 Rf8 28. Rd7 Qe8 29. Bc3 R8f4 30. Qd5+ Kh8 {[%eval
288,9]}) 27... Rf1+ 28. Kh2 Bg1+ 29. Kh1 Be3+ 30. Kh2 Bf4+ 0-1

[Event "Verbandsliga MVP 2013-14"]
[Site "MVP"]
[Date "2014.04.27"]
[Round "9.4"]
[White "Helms, Sven"]
[Black "Bauer, Norbert"]
[Result "0-1"]
[WhiteElo "1907"]
[BlackElo "1924"]
[PlyCount "84"]
[EventDate "2013.??.??"]
[EventType "team-tourn"]
[EventRounds "9"]
[EventCountry "GER"]
[SourceDate "2013.10.20"]
[WhiteTeam "SF Schwerin III"]
[BlackTeam "SAV Torgelow-Drögeheide 90"]
[WhiteTeamCountry "GER"]
[BlackTeamCountry "GER"]

1. d4 Nf6 2. c4 e6 3. Nf3 b6 4. g3 Ba6 5. b3 Bb4+ 6. Bd2 Be7 7. Bg2 c6 8. O-O
O-O 9. Bc3 d5 10. Nbd2 Nbd7 11. Ne5 Nxe5 12. dxe5 Nd7 13. f4 Qc7 14. Bb2 dxc4
15. Nxc4 Bxc4 16. bxc4 Rfd8 17. Qc2 Rac8 18. Rad1 Nc5 19. e3 Rxd1 20. Rxd1 Rd8
21. Rd4 Nd7 22. Qd1 c5 23. Rd2 Nb8 24. Rxd8+ Qxd8 25. Qxd8+ Bxd8 26. g4 Kf8 27.
f5 $6 Bc7 28. h4 Nd7 29. fxe6 fxe6 30. Bc6 Ke7 31. Bxd7 $4 (31. Kf2 Bxe5 32.
Bxd7 Bxb2 33. Ba4 Kd6 34. Bc2 (34. Kf3 Ke5) 34... h6 35. Kf3 Ke5 (35... Kc6 36.
a4 a6 37. Bd3)) 31... Kxd7 $19 32. Kf2 Kc6 33. a4 a6 34. Kf3 b5 35. axb5+ axb5
36. cxb5+ Kxb5 37. Ke4 (37. Ke2 Kc4 38. e4 Kb3 39. Ba1 c4 40. Kd2 Ba5+ 41. Kc1
c3 42. h5 c2 43. g5 Bb4) 37... Kc4 38. Ba3 Bb6 39. g5 g6 40. Bc1 Kc3 41. Ba3
Kb3 42. Bc1 c4 0-1

[Event "Verbandsliga MVP 2013-14"]
[Site "MVP"]
[Date "2014.04.27"]
[Round "9.5"]
[White "Ehlers, Michael"]
[Black "Kupfernagel, Michael"]
[Result "1/2-1/2"]
[WhiteElo "1882"]
[BlackElo "1917"]
[PlyCount "54"]
[EventDate "2013.??.??"]
[EventType "team-tourn"]
[EventRounds "9"]
[EventCountry "GER"]
[SourceDate "2013.10.20"]
[WhiteTeam "SAV Torgelow-Drögeheide 90"]
[BlackTeam "SF Schwerin III"]
[WhiteTeamCountry "GER"]
[BlackTeamCountry "GER"]

1. e4 c5 2. Nf3 d6 3. Bc4 e6 4. Nc3 Nc6 5. d4 cxd4 6. Nxd4 a6 7. a4 Nf6 8. O-O
Be7 9. Be3 O-O 10. Nxc6 bxc6 11. a5 c5 12. f3 Bb7 13. Bb3 Qc7 14. Na4 d5 15.
Nb6 Rad8 16. exd5 exd5 17. Re1 Bd6 18. h3 h6 19. Qd2 d4 20. Bf2 Bf4 21. Qd3 Nh5
22. Qf5 Bh2+ 23. Kh1 Bg3 24. Qxh5 Bxf2 25. Re2 Be3 26. Bc4 Qg3 27. Qg4 Qxg4
1/2-1/2

[Event "Verbandsliga MVP 2013-14"]
[Site "MVP"]
[Date "2014.04.27"]
[Round "9.6"]
[White "Goertz, Frank"]
[Black "Bigalke, Steffen"]
[Result "1-0"]
[WhiteElo "1863"]
[BlackElo "1842"]
[PlyCount "43"]
[EventDate "2013.??.??"]
[EventType "team-tourn"]
[EventRounds "9"]
[EventCountry "GER"]
[SourceDate "2013.10.20"]
[WhiteTeam "SF Schwerin III"]
[BlackTeam "SAV Torgelow-Drögeheide 90"]
[WhiteTeamCountry "GER"]
[BlackTeamCountry "GER"]

1. e4 c5 2. f4 e6 3. Nf3 d6 4. Bb5+ Bd7 5. Bxd7+ Nxd7 6. c4 g6 7. Nc3 Bg7 8.
O-O Ne7 9. Qe2 a6 10. d3 Nc6 11. Be3 Nd4 12. Qf2 Nxf3+ 13. Qxf3 O-O 14. g4 f5
15. gxf5 gxf5 16. Kh1 Qh4 17. Rg1 Kf7 18. exf5 Bxc3 19. fxe6+ Kxe6 20. bxc3 Qf6
21. Rae1 Kf7 22. Qh5+ 1-0

[Event "Verbandsliga MVP 2013-14"]
[Site "MVP"]
[Date "2014.04.27"]
[Round "9.7"]
[White "Balz, Christian"]
[Black "Siegert, Gregor"]
[Result "0-1"]
[WhiteElo "1622"]
[BlackElo "1859"]
[PlyCount "48"]
[EventDate "2013.??.??"]
[EventType "team-tourn"]
[EventRounds "9"]
[EventCountry "GER"]
[SourceDate "2013.10.20"]
[WhiteTeam "SAV Torgelow-Drögeheide 90"]
[BlackTeam "SF Schwerin III"]
[WhiteTeamCountry "GER"]
[BlackTeamCountry "GER"]

1. e4 c5 2. Nf3 e6 3. d4 cxd4 4. Nxd4 a6 5. Nc3 Nf6 6. Be3 (6. e5 $5) 6... Qc7
7. f3 Bb4 8. Qd2 d5 9. exd5 Nxd5 10. Nde2 Nxe3 11. Qxe3 Nc6 12. O-O-O O-O 13.
Ne4 b5 14. N2c3 Be7 15. h4 Ne5 16. Kb1 Rb8 17. Bd3 Nc4 18. Bxc4 bxc4 19. Rc1
Qb7 20. Nd1 Rd8 21. Nef2 c3 22. Qxc3 Bb4 23. Qb3 Bd2 24. Nc3 Qc7 0-1

[Event "Verbandsliga MVP 2013-14"]
[Site "MVP"]
[Date "2014.04.27"]
[Round "9.8"]
[White "Rabinowitsch, Juri"]
[Black "Massloch, Philipp"]
[Result "1/2-1/2"]
[WhiteElo "1844"]
[BlackElo "1648"]
[PlyCount "102"]
[EventDate "2013.??.??"]
[EventType "team-tourn"]
[EventRounds "9"]
[EventCountry "GER"]
[SourceDate "2013.10.20"]
[WhiteTeam "SF Schwerin III"]
[BlackTeam "SAV Torgelow-Drögeheide 90"]
[WhiteTeamCountry "GER"]
[BlackTeamCountry "GER"]

1. e4 c5 2. Nf3 Nc6 3. d4 cxd4 4. Nxd4 Nf6 5. Nc3 e5 6. Ndb5 d6 7. Bg5 a6 8.
Na3 b5 9. Nd5 Be7 10. Bxf6 Bxf6 11. c3 O-O 12. Nc2 Bg5 13. Nce3 Be6 14. Bd3
Bxe3 15. Nxe3 Ne7 16. O-O Kh8 17. Qc2 Qd7 18. Rfd1 Rad8 19. a4 Rc8 20. axb5
axb5 21. Ra5 b4 22. Rda1 bxc3 23. bxc3 Nc6 24. Bb5 Qc7 25. Bxc6 Qxc6 26. R5a3
Ra8 27. Rxa8 Rxa8 28. Rxa8+ Qxa8 29. Qb1 h6 30. h3 Qc6 31. Qb4 g6 32. Kh2 Kg7
33. g4 Kf6 34. Kg3 Ba2 35. h4 Be6 36. f3 Ke7 37. g5 h5 38. Qa5 Qc5 39. Qxc5
dxc5 40. f4 Kd6 41. f5 Ba2 42. Kf3 Bb3 43. Ke2 Ba2 44. Kd2 Bb1 45. Nc4+ Ke7 46.
fxg6 fxg6 47. Nxe5 Bxe4 48. Ke3 Bf5 49. Kf4 Ke6 50. Nc4 Bd3 51. Ne3 Bb1 1/2-1/2